Breaking Bad- Actor to Character - Statistics

General Stats
  • This quiz has been taken 1,523 times
  • The average score is 14 of 19
Answer Stats
Hint Answer % Correct
Bryan Cranston Walter White "Heisenberg"
100%
Aaron Paul Jesse Pinkman
99%
Anna Gunn Skyler White
99%
Dean Norris Hank Schrader
98%
Giancarlo Esposito Gustavo Fring
95%
Betsy Brandt Marie Schrader
95%
Bob Odenkirk Saul Goodman
95%
Rj Mitte Walter Jr. "Flynn"
92%
Jonathan Banks Mike Ehrmantraut
90%
Steven Michael Quezada Steve Gomez
68%
Jesse Plemons Todd Alquist
58%
Raymond Cruz Tuco Salamanca
58%
Laura Fraser Lydia Rodarte-Quayle
57%
Matt Jones Brandon "Badger" Mayhew
56%
Krysten Ritter Jane Margolis
56%
Charles Baker Skinny Pete
51%
Mark Margolis Hector "tio" Salamanca
49%
David Costabile Gale Boetticher
29%
Michael Bowen Jack Welker
27%
No matching quizzes found
Score Distribution
Percent of People with Each Score
Percentile by Number Answered
Your Score History
You have not taken this quiz